000 00314nam a22001457a 4500
008 221114b ||||| |||| 00| 0 eng d
020 _a0465051022
041 _aeng
080 _a575
082 _a575 SHE
100 _a13
101 _aBIO
245 _aNEW WORLDS IN CHEMISTRY
_cSHERWOOD M
942 _2udc
_cBK
999 _c58891
_d58891